Broadcasting & Cable Hall of Fame TV Shows - Statistics

General Stats
  • This quiz has been taken 23 times
  • The average score is 5 of 13
Answer Stats
Network Genre Program % Correct
CBS News 60 Minutes
84%
FOX Sitcom The Simpsons
68%
FOX/ABC Competition American Idol
58%
ABC Sports Monday Night Football
58%
ESPN Sports SportsCenter
53%
ABC Talk Show The View
47%
NBC Talk Show Today
37%
AMC Drama Mad Men
32%
ABC Talk Show Good Morning America
26%
ABC/CBS Game Show Family Feud
21%
TNT Sports Inside the NBA
16%
ABC Talk Show Live with Kelly & Michael
5%
CBS News Entertainment Tonight
0%
No matching quizzes found
Score Distribution
Percent of People with Each Score
Percentile by Number Answered
Your Score History
You have not taken this quiz